| 000 | 00629nam a2200241Ia 4500 | ||
|---|---|---|---|
| 008 | 160303s9999 xx 000 0 und d | ||
| 020 | _a971-725-019-7 | ||
| 050 | _aFIL BF 121 | ||
| 050 | _b.L87 2000 | ||
| 100 | _aLupdag, Anselmo D. | ||
| 245 | _aGeneral psychology / | ||
| 245 | _cAnselmo D. Lupdag. | ||
| 260 | _aMakati City: | ||
| 260 | _bGrand water Pub. & research corp., | ||
| 260 | _c2000 | ||
| 300 | _a322 pages : | ||
| 300 | _billustrations ; | ||
| 300 | _c25cm. | ||
| 500 | _aIncludes bibliographical references. | ||
| 650 | _aPsychology -- | ||
| 650 | _xStudy and teaching. | ||
| 942 |
_2lcc _cBK |
||
| 999 |
_c291129 _d291129 |
||